000 00326nam a22001457a 4500
008 221012b ||||| |||| 00| 0 eng d
020 _a9780071115858
041 _aeng
080 _2NINTH EDITION
_a159.9
082 _a159.9 FOX
100 _a24.1
101 _aPHY
245 _aHUMAN PHYSIOLOGY
_cFOX S
942 _2udc
_cBK
999 _c58532
_d58532